000
00288nam a2200133Ia 4500
100
_a
Komar/D
942
_c
BK
654
_a
Building
245
_a
Building materials and components
260
_b
Mir publishers
_a
Moscow
_c
1979
082
_a
691
_b
KUM
300
_a
503
546
_a
ENGLISH
999
_c
31533
_d
31533